000 00994nam a2200265 i 4500
001 18422
003 DO-SdUEMH
005 20260422221753.0
007 ta
008 260422s2010 |||a|||gr|||| 00| 0 spa d
020 _a9789584468567
040 _aDO-SdUEMH
_bspa
_erda
041 _aspa
082 1 4 _mCG
_bR173
100 1 _eaut
245 _aEvaluación Financiera de Proyectos :
_bcon aplicaciones en excel /
_cJosé Augusto Ramírez Díaz
264 1 4 _aBogotá, Colombia :
_bEdiciones de la U ;
_c2010
300 _a184 páginas :
_bilustraciones ;
_c23 cm.
336 _2rdacontent
_atexto
_btxt
337 _2rdamedia
_asin mediación
_bn
338 _2rdacarrier
_avolumen
_bnc
504 _aContiene Información Bibliográfica en la Página 183.
505 2 _aCapítulo 1: Diagramas De Flujo De Los Proyectos -- Capítulo 2: Interés Compuesto -- Capítulo 3: Anualidades -- Capítulo 4: Evaluación Financiera De Proyectos -- Capítulo 5: Análisis De Casos.
942 _2ddc
_cBK
_n0
999 _c18422
_d18422